Nepodliehať manipulácii Anketa HN a Kongresu slovenskej vedy. 12

Predpoklady určujúce postavenie vedy na Slovensku. Krátenie štátnych finančných zdrojov, nedostatok vlastných zdrojov. Grantová agentúra pre vedu. Podmienky na pozitívny prínos vedeckej komunity pre spoločnosť.

Salvato in:
Dettagli Bibliografici
Autore principale: Falťan, Ľubomír
Natura: Capitolo di libro
Lingua:slovacco
Soggetti:
Tags: Aggiungi Tag
Nessun Tag, puoi essere il primo ad aggiungerne!!

MARC

LEADER 00000naa a2200000 4500
001 r015754
005 20221205090355.0
041 0 |a slo 
044 |a SK 
245 1 0 |a Nepodliehať manipulácii  |b Anketa HN a Kongresu slovenskej vedy. 12  |c Ľubomír Falťan 
520 |a Predpoklady určujúce postavenie vedy na Slovensku. Krátenie štátnych finančných zdrojov, nedostatok vlastných zdrojov. Grantová agentúra pre vedu. Podmienky na pozitívny prínos vedeckej komunity pre spoločnosť. 
610 2 0 |a veda 
610 2 0 |a politika vedecká 
610 2 0 |a programy výskumné 
610 2 0 |a potenciál vedecký 
610 2 0 |a potenciál výskumný 
610 2 0 |a základňa vedeckovýskumná 
610 2 0 |a granty 
610 2 0 |a výskum vedecký 
610 2 0 |a financovanie vedy 
610 2 0 |a pracovníci vedeckí 
610 2 0 |a Slovensko 
100 1 |a Falťan, Ľubomír